000 00393nam a2200169Ia 4500
001 23356
005 20260414150931.0
008 260414t2005||||xx |||||||||||||| ||spa||
041 _aESP
082 _a629.892
_bA61
100 _aAngulo Usategui, José
_eAUT
245 0 _aIntroducción a la robótica
_b
260 _c2005
650 _aCNM
654 _aCCN
942 _cLIB
_dJUS
_fJUS
_2ddc
_n
999 _c23356
_d23356